Statystyki dla Osiem potęg liczby 5!

Kliknij tutaj aby rozwiązać quiz!

Ogólne statystyki

  • Ten quiz został rozwiązany 222 razy
  • Średni wynik to 6 z 8

Statystyki odpowiedzi

HintOdpowiedź% Poprawnych
5^225
99%
5^15
99%
5^3125
97%
5^4625
88%
5^53125
65%
5^615625
57%
5^778125
30%
5^8390625
16%

Rozkład punktacji

Percentyl według liczby udzielonych odpowiedzi

Procent ludzi z każdym wynikiem

Twoja historia wyników

Nie rozwiązałeś tego quizu